000 01139nam a22003137a 4500
005 20110523145612.0
008 110523t xxu||||| |||| 00| 0 eng d
010 _aENG-102492
020 _a9788184503289
_c1480.00
035 _aEN-86025
037 _bDBAD / PUB
040 _adpl
_bEnglish
082 _a658.3140954
100 _927410
110 _927425
245 _aMotivational practices in organisations /
_cedited by G. Balachandar [and] N. Panchanatham
260 _aNew Delhi
_bDeep & Deep Publications
_c2011
270 _aF-159, Rajouri Garden
_bNew Delhi
_e110027
_k25435369,25440916
300 _axv, 356 p.
_c25cm (Hb)
500 _aIncludes index
650 _927411
650 _927412
650 _927426
700 _927415
_aBalachandar, G.
700 _aPanchanatham, N.
_928222
942 _adpl
_cEN
_2ddc
_mMOT
_h658.3140954
999 _c52523
_d52523